000 00883nam a22002417a 4500
005 20170804154552.0
010 _aBAC-CH25EN
020 _a9780141340760
_c350.00
035 _aB-561945-961
035 _aB-664613
035 _aG-002818
037 _bUBH/Ven
_adpl
082 _aS
100 _aColfer, Eoin
245 _aArtemis fowl:
_cby Eoin Colfer
_band the last guardian/
260 _aNew Delhi
_bPuffin Books
_c2012
270 _a11 Community Centre, Panchsheel Park
_bNew Delhi
_e10017 (India)
300 _a306p.
_c20cm(pbk)
942 _2ddc
_cCH
_mCOL
_hS
999 _c85539
_d85539